000 nam a22 4500
999 _c8818
_d8818
008 180313b ||||| |||| 00| 0 eng d
245 _aHouse urged to probe K-12 implementation.
260 _aPhilippines
_bThe Philippine Star
_cc2016
300 _apage 7.
650 0 _926771
_aEducation.
942 _2ddc
_cPER